000 00908nam a2200277 i 4500
001 112586
003 ES-MaACL
005 20250822033120.0
007 t|
008 061121s1980 mx r ||||1| spa d
020 _a968-24-0887-3
080 _a159.9:34
100 1 _aMuñoz Sabaté, Luis.
_984495
245 1 0 _aIntroducción a la psicología jurídica /
_cLluis Muñoz Sabaté, Ramón Bayés, Frederic Munné ; prefacio de Helio Carpintero.
250 _a1ª ed.
260 _aMéxico :
_bTrillas,
_c1980.
300 _a186 p. ;
_c23 cm.
490 1 _aBiblioteca de psicología científica
650 7 _aPsicología legal
_2embne
_916568
700 1 _aBayés, Ramón.
_926661
700 1 _aMunné , Frederic.
_984211
700 1 _aCarpintero, Helio (
_d1939-)
_9172420
830 1 _aBiblioteca de psicología científica
_9233139
852 4 _aES-MaACL
_jL-10628
999 _c112586
_d112586